书目信息 |
| 题名: |
企业资源规划系统(ERP)规范应用指南
|
|
| 作者: | 邓超 主编 | |
| 分册: | ||
| 出版信息: | 北京 电子工业出版社 2003 |
|
| 页数: | 321页 | |
| 开本: | 26cm | |
| 丛书名: | 《企业信息化技术规范》国家行业标准指南系列丛书 | |
| 单 册: | ||
| 中图分类: | F270.7 | |
| 科图分类: | ||
| 主题词: | 企业经济 | |
| 电子资源: | ||
| ISBN: | 7-5053-9159-3 | |
| 000 | 00732nam2 2200217 45 | |
| 001 | 0406060829 | |
| 005 | 20040606083527.5 | |
| 010 | @a7-5053-9159-3@dCNY49.00 | |
| 100 | @a20040606d2003 km y0chiy0120 ea | |
| 101 | 0 | @achi |
| 105 | @a z 000yy | |
| 200 | 1 | @a企业资源规划系统(ERP)规范应用指南@AQi Ye Zi Yuan Gui Hua Xi Tong(ERP)Gui Fan Ying Yong Zhi Nan@f邓超主编@FDeng Chao Zhu Bian |
| 210 | @a北京@c电子工业出版社@d2003 | |
| 215 | @a321页@d26cm@e1CD | |
| 225 | @a《企业信息化技术规范》国家行业标准指南系列丛书 | |
| 410 | @12001 @a《企业信息化技术规范》国家行业标准指南系列丛书 | |
| 606 | 0 | @a企业经济 |
| 690 | @aF270.7@v4 | |
| 701 | 0 | @a邓超@4主编 |
| 801 | @aCN@bTSTCL@c20040606 | |
| 905 | @b335012-016@dF270.7@e156@f5 | |
| 企业资源规划系统(ERP)规范应用指南/邓超主编.-北京:电子工业出版社,2003 |
| 321页;26cm+1CD.-(《企业信息化技术规范》国家行业标准指南系列丛书) |
| ISBN 7-5053-9159-3:CNY49.00 |
| ● |
| 相关链接 |
|
|
|
|
正题名:企业资源规划系统(ERP)规范应用指南
索取号:F270.7/156
 
预约/预借
| 序号 | 登录号 | 条形码 | 馆藏地/架位号 | 状态 | 备注 |
| 1 | 0335012 | 203350122 | 第一借阅区/ [索取号:F270.7/156] | 在馆 | |
| 2 | 0335013 | 203350131 | 第一借阅区/ [索取号:F270.7/156] | 在馆 | |
| 3 | 0335014 | 203350140 | 第一借阅区/ [索取号:F270.7/156] | 在馆 | |
| 4 | 0335015 | 203350159 | 第一借阅区/ [索取号:F270.7/156] | 在馆 | |
| 5 | 0335016 | 203350168 | 第一样本阅览室/ [索取号:F270.7/156] | 在馆 |
本书有关联资源:
1 .光盘 /ISO :企业资源规划系统(ERP)规范应用指南 /邓超
下载